00477nam a22001457a 450000500170000000800410001702000160005804100130007408200140008710000380010124500960013926000450023530000260028065000250030620231116145306.0231116b |||||||| |||| 00| 0 eng d a06020081732 aEnglish  a343.8 MIL aMillin, P and Wille, G lEnglish  aSupplement to : Wille and Millin's Mercantile Law of South Africa / cP Millin and G Wille  aJohannesburg : bHortors Limited, c1984 b45 pages ; c25,5 cm. aLegal practice bLaw